A história de um botão (Registo nº 2306)

Detalhes MARC
000 -Etiqueta do registo
Cabeçalho 00812nam a22002771 4500
005 - Identificador da versão
Campo de controlo 20240813121930.0
010 ## - Número internacional normalizado dos livros (ISBN)
Número (ISBN) 9727508537
021 ## - Número do Depósito Legal
Código do país PT
Número 170778/01
100 ## - Dados gerais de processamento
Dados gerais de processamento 20021019d2001 cd y0pory5003 ba
102 ## - Pais de publicação ou produção
País de publicação Portugal
101 0# - Língua de publicação
Língua do texto, banda sonora, etc. Português
106 ## - Campo de dados codificados: material textual
Dados codificados do material textual r
105 ## - Campo de dados codificados: livros
Dados codificados dos livros a z 000yy
215 ## - Descrição física 
Indicação específica da natureza do documento e extensão da espécie 45, [3] p.
Outras indicações físicas todo il.
Dimensões 21 cm
200 1# - Titulo e menção de responsabilidade
Título próprio A história de um botão
Primeira menção de responsabilidade Maria João Carvalho
Outras menções de responsabilidade il. Fátima Afonso
225 2# - Colecção 
Título próprio da colecção Montanha encantada.
Nome de uma parte ou secção Primeiros leitores
210 ## - Publicação, Distribuição, etc. 
Lugar da edição, distribuição, etc. Rio de Mouro
Nome do editor, distribuidor, etc. Everest
Data da publicação, distribuição, etc. imp. 2001
606 ## - Nome comum usado como assunto
Número de registo de entrada de autoridade 0000029
Palavra de ordem Literatura portuguesa infantil
Subdivisão de assunto Conto
675 ## - Classificação Decimal Universal (CDU)
Notação 821.134.3-34
Edição
Língua da edição por
702 #1 - Nome de autor-pessoa física (responsabilidade secundária)
Número de registo de entrada de autoridade 0000926
Palavra de ordem Afonso
Outra parte do nome não tomada para palavra de ordem Fátima
Código de função Ilustrador / Técnico de desenho computorizado
700 #1 - Nome de autor-pessoa física (responsabilidade principal)
Número de registo de entrada de autoridade 0001055
Palavra de ordem Carvalho
Outra parte do nome não tomada para palavra de ordem Maria João
942 ## - Elementos de entrada adicionados (Koha)
Tipo de item no Koha Livro
Exemplares
Situação do levantamento Origin of item (home branch) (coded) Biblioteca de empréstimo Código de barras Cota Circulation type (not for loan) Tipo de documento Nota do exemplar Damaged status
  Biblioteca Escolar da Coca Maravilhas Biblioteca Escolar da Coca Maravilhas BECM5685/02 8POR CAR   Livro Sem mensagem